000 00848nam a2200277Ia 4500
003 OSt
005 20221006142419.0
006 a|||||r|||| 00| 0
007 ta
008 221006b |||||||| |||| 00| 0 eng d
024 _a6,324
037 _bGift, Japan Foundation
_cTextual
040 _aEASL
_cEASL
_beng
041 _2eng
_aeng
082 _aY:1.42.M<-K, N9
100 _aKAEMPFER Engelbert
245 0 _aKaempfer's Japan
_b Tokugawa culture observed
260 _aHonolulu
_bUniversity of Hawaii
_c1999
300 _axiv, 545p.
_ccm.
490 _v JEL
650 _a Japn civilization
_9647687
650 _aJEL
700 _a BODART-BAILEY Beatrice M Tr.
_9647688
942 _hY:1.42.M<-K, N9
_cTEXL
_2CC
999 _c1074410
_d1074410